00341nam a2200133Ia 450000500170000000800410001702000150005808200130007310000180008624500370010426000400014130000130018165000130019420250516033225.0240331s9999 xx 000 0 und d a9558887935 bPERa294 aPerera,U.C.S. 0aSitha sithiwili ruupa ha bhawana aBalangodabTharaka Publishersc2006 a208 p ., aBuddhism